Catálogo
 En Linea

Ensayo de diccionario de administración pública / (Registro nro. 27033)

Detalles MARC
000 -CABECERA
campo de control de longitud fija 00928nam a2200241 a 4500
001 - NÚMERO DE CONTROL
campo de control 000027541
005 - FECHA Y HORA DE LA ÚLTIMA TRANSACCIÓN
campo de control 20250204073952.0
008 - DATOS DE LONGITUD FIJA--INFORMACIÓN GENERAL
campo de control de longitud fija 110401s1982 dr 000 0 spa d
040 ## - FUENTE DE LA CATALOGACIÓN
Centro catalogador/agencia de origen DO-SdBNP
Lengua de catalogación spa
Centro/agencia transcriptor BNPHU
082 ## - NÚMERO DE LA CLASIFICACIÓN DECIMAL DEWEY
Número de clasificación xxx
Número de documento/Ítem E59d
049 ## - FONDOS LOCALES (OCLC)
Fondos de biblioteca BNPD
245 01 - MENCIÓN DE TÍTULO
Título Ensayo de diccionario de administración pública /
Mención de responsabilidad, etc. coordinación, Raymundo Amaro Guzmán ; compilación y síntesis, Gustavo Benedicto ... [et al.].
260 ## - PUBLICACIÓN, DISTRIBUCIÓN, ETC.
Lugar de publicación, distribución, etc. Santo Domingo :
Nombre del editor, distribuidor, etc. Publicaciones ONAP,
Fecha de publicación, distribución, etc. 1982.
300 ## - DESCRIPCIÓN FÍSICA
Extensión 649 p. ;
Dimensiones 32 cm.
490 1# - MENCIÓN DE SERIE
Mención de serie ONAP
-- ensayos
Designación de volumen o secuencia 5
500 ## - NOTA GENERAL
Nota general Título de la cubierta: Diccionario de Administración Pública
700 1# - PUNTO DE ACCESO ADICIONAL--NOMBRE DE PERSONA
Nombre de persona Amaro Guzmán, Raymundo
Término indicativo de función/relación ed.
9 (RLIN) 656
700 1# - PUNTO DE ACCESO ADICIONAL--NOMBRE DE PERSONA
Nombre de persona Benedicto, Gustavo,
Término indicativo de función/relación comp.
9 (RLIN) 18754
700 1# - PUNTO DE ACCESO ADICIONAL--NOMBRE DE PERSONA
Nombre de persona Lebrón Saviñon, Mariano
Fechas asociadas al nombre 1922-2014
Término indicativo de función/relación comp.
9 (RLIN) 7227
700 1# - PUNTO DE ACCESO ADICIONAL--NOMBRE DE PERSONA
Nombre de persona Scheker Hane, Luis
Término indicativo de función/relación comp.
9 (RLIN) 54632
700 1# - PUNTO DE ACCESO ADICIONAL--NOMBRE DE PERSONA
Nombre de persona Leyba de Mieses, Gertrudis
Término indicativo de función/relación comp.
9 (RLIN) 54633
830 #0 - PUNTO DE ACCESO ADICIONAL DE SERIE-TÍTULO UNIFORME
Título uniforme ONAP
Nombre de parte o sección de la obra ensayos
Designación de volumen o secuencia 5
9 (RLIN) 54634
Existencias
Estado de retiro Estado de pérdida Restricciones de uso No para préstamo Código de colección Localización permanente Ubicación/localización actual Ubicación en estantería Fecha de adquisición Número de inventario Total de préstamos Signatura topográfica completa Código de barras Fecha visto por última vez Precio válido a partir de Tipo de ítem Koha
        Patrimonio Dominicano Patrimonio Dominicano Patrimonio Dominicano En catalogación 01.04.2011 LF1   xxx E59d 27541-10 25.06.2020 25.06.2020 Libro y Folleto Colección Patrimonio Dominicano

Con tecnología Koha